Εθνική στρατηγική και χειρισμός κρίσεων

Αποθηκεύτηκε σε:
Λεπτομέρειες βιβλιογραφικής εγγραφής
Κύριος συγγραφέας: Λυμπέρης, Χρήστος
Μορφή: Βιβλίο
Γλώσσα:Greek
Δημοσίευση: Αθήνα : Ποιότητα, 1997.
Σειρά:Σειρά στρατηγικών μελετών 1
Θέματα:
Ετικέτες: Προσθήκη ετικέτας
Δεν υπάρχουν, Καταχωρήστε ετικέτα πρώτοι!

MARC

LEADER 00000cam a2200000 i 4500
001 1/3405
008 100119s1997 gr | ||| |||| ||gre||
020 |a 9607803000 
035 |l 10106365 
040 |a GR-MyUA  |b gre  |e AACR2 
041 0 |a gre 
082 0 |a 355.4  |2 (22) 
100 1 |a Λυμπέρης, Χρήστος. 
245 1 0 |a Εθνική στρατηγική και χειρισμός κρίσεων /   |c Χρήστος Λυμπέρης ; εισαγωγικό σημείωμα Παναγιώτη Ήφαιστου.  
260 |a Αθήνα :   |b Ποιότητα,   |c 1997.  
300 |a 327 σ. :   |b χάρτες, σχέδια ;   |c 22 εκ.  
490 1 |a (Σειρά στρατηγικών μελετών   |v ; 1)  
504 |a Βιβλιογραφία: σ. 326-327.  
650 0 0 |a Information warfare  |z Greece. 
650 0 0 |a Strategy. 
650 0 0 |a Military policy  |x Strategy. 
650 0 0 |a Defensive (Military science) 
651 0 |a Greece  |x Military policy. 
651 0 |a Greece  |x Foreign relations  |y 1974- 
830 0 |a Σειρά στρατηγικών μελετών  |v 1 
852 |a INST  |b SAMOS  |e 20100119  |h 355.4 ΛΥΜ  |p 005300030857  |q 005300030857  |t BK  |y 0 
901 |a BIBL3-2010-1 
909 |a Σ  |b 158543 
970 |a ΣΙΤΖΙΜΗ  |b ΓΙΑΣΕΜΗ  |z 2010/01/19